Provincias Aleatorias de Argentina - ¡Muerte súbita! - Estadísticas

Estadísticas generales
  • Esta prueba ha sido intentada 112 veces
  • La puntuación promedio es 4 de 5
Respuestas en el mapa
Las respuestas están codificadas por una escala verde-roja en el mapa de la prueba según el % correcto abajo.
 
Estadísticas de respuestas
Provincia % Correcto
Chaco
100%
Formosa
100%
Misiones
100%
Salta
100%
Entre Ríos
91%
Jujuy
90%
Rio Negro
90%
Corrientes
89%
Buenos Aires
88%
Chubut
85%
Tucumán
82%
Santa Cruz
80%
La Rioja
75%
La Pampa
73%
Santa Fe
70%
Córdoba
67%
San Juan
60%
Santiago del Estero
58%
San Luis
55%
Catamarca
50%
Mendoza
50%
Neuquén
40%
Tierra del Fuego
29%
No se encontraron pruebas coincidentes
Distribución de puntuación
Porcentaje de gente con cada puntuación
Porcentaje por número respondido
Historial de tus puntuaciones
No has intentado esta prueba.